[Event "ROM-ch U14"]
[Site "Baile Felix"]
[Date "2017.02.07"]
[Round "7"]
[White "Nyilas, Bendeguz"]
[Black "Rotar, Mircea Raul"]
[Result "0-1"]
[WhiteElo "1001"]
[BlackElo "1001"]
[PlyCount "29"]
[EventDate "2017.02.02"]
[EventType "swiss"]
[EventRounds "9"]
[EventCountry "ROU"]
[SourceTitle "CBM 176 Extra"]
[Source "ChessBase"]
[SourceDate "2017.03.02"]
[SourceVersion "1"]
[SourceVersionDate "2017.03.02"]
[SourceQuality "1"]

1. e4 c5 2. Nf3 d6 3. Bc4 h6 4. 0-0 Nf6 5. d3 Nc6 6. Nc3 e5 7. Nd5 Nxd5 8. Bxd5 Be7 9. Bxc6+ bxc6 10. c3 0-0 11. d4 cxd4 12. cxd4 exd4 13. Nxd4 Bd7 14. Be3 Bg5 15. e5 0-1